|
|
|
|
| LEADER |
00979nam a22002537a 4500 |
| 001 |
37672 |
| 003 |
BD-DhAAL |
| 008 |
220210t2004 ii ||||| |||| 00| 0 eng d |
| 999 |
|
|
|c 43486
|d 43486
|
| 040 |
|
|
|a BD-DhAAL
|
| 082 |
|
|
|a 372.241
|
| 100 |
|
|
|a Sharma, Adity
|9 45691
|
| 245 |
|
|
|a Text book for pre-primary, nursery teacher training and D.I.E.T. entrance examination /
|c Adity Sharma
|
| 250 |
|
|
|a First edition
|
| 260 |
|
|
|a Delhi :
|b Surjeet Publications,
|c 2004.
|
| 300 |
|
|
|a viii, 122 pages ;
|c 21 cm.
|
| 526 |
|
|
|a BIED
|
| 541 |
|
|
|a Complimentary copy from BIED
|e 37672
|
| 650 |
|
|
|a Education, Primary.
|9 45692
|
| 650 |
|
|
|a Educational innovations.
|9 45693
|
| 650 |
|
|
|a Education.
|9 45694
|
| 852 |
|
|
|a Ayesha Abed Library
|c BIED Collection
|
| 942 |
|
|
|2 ddc
|c BK
|
| 952 |
|
|
|0 0
|1 0
|2 ddc
|4 0
|6 372_241000000000000_SHA
|7 0
|9 69758
|a BRACUL
|b BRACUL
|c GEN
|d 2022-02-10
|e Complimentary copy from BIED
|l 0
|o 372.241 SHA
|p 3010037672
|r 2022-02-10
|t 1
|w 2022-02-10
|y BK
|x Transferred from BIED to General Stacks
|